|
|
|
|
| LEADER |
00000nam0a2200000 4500 |
| 001 |
343586 |
| 005 |
20231102005556.0 |
| 010 |
|
|
|a 9785369011805
|
| 010 |
|
|
|a 978-5-16-006579-1
|
| 035 |
|
|
|a (RuTPU)RU\TPU\book\373996
|
| 090 |
|
|
|a 343586
|
| 100 |
|
|
|a 20191010d2019 m y0rusy50 ca
|
| 101 |
0 |
|
|a rus
|
| 102 |
|
|
|a RU
|
| 105 |
|
|
|a y j 001zy
|
| 200 |
1 |
|
|a Маркетинг для инженеров
|e учебное пособие
|f В. Д. Сыров
|
| 210 |
|
|
|a Москва
|c РИОР
|c Инфра-М
|d 2019
|
| 215 |
|
|
|a 133 с.
|
| 225 |
1 |
|
|a Высшее образование - Бакалавриат
|
| 320 |
|
|
|a Библиогр.: с. 132
|
| 330 |
|
|
|a В учебном пособии сделана попытка систематизировать содержание и применение маркетинга в инженерной практике проектирования нового изделия (товара). Подробно рассмотрено содержание маркетинга и маркетинговых исследований с позиции обоснования необходимости проектирования и запуска в производство нового изделия. Приводится методика выполнения маркетинговых исследований инженерами-проектировщиками новых изделий. Дается методология диффундирования результатов маркетинговых исследований в НИР и ОКР с целью создания нового изделия и его производства. Предназначено для студентов специальностей "Проектирование и технология радиоэлектронных средств", "Проектирование и технология электронно-вычислительных средств", изучающих дисциплину "Маркетинг электронных средств", всех форм обучения; также окажет существенную помощь студентам радиоэлектронных и технических специальностей и направлений высших и средних учебных заведений, изучающих дисциплину "Основы маркетинга".
|
| 606 |
1 |
|
|a Маркетинг
|2 stltpush
|3 (RuTPU)RU\TPU\subj\41036
|9 60857
|
| 610 |
1 |
|
|a экономика
|
| 610 |
1 |
|
|a управление
|
| 610 |
1 |
|
|a потребители
|
| 610 |
1 |
|
|a товары
|
| 610 |
1 |
|
|a маркетинговая среда
|
| 610 |
1 |
|
|a маркетинговая информация
|
| 610 |
1 |
|
|a маркетинговые исследования
|
| 610 |
1 |
|
|a коммуникации
|
| 610 |
1 |
|
|a маркетинговые услуги
|
| 610 |
1 |
|
|a общество
|
| 610 |
1 |
|
|a технические проекты
|
| 610 |
1 |
|
|a сбыт
|
| 610 |
1 |
|
|a учебные пособия
|
| 686 |
|
|
|a У9(2)212.4я73
|v LBC/SL-A
|2 rubbk
|
| 700 |
|
1 |
|a Сыров
|b В. Д.
|
| 801 |
|
1 |
|a RU
|b 63413507
|c 20191010
|
| 801 |
|
2 |
|a RU
|b 63413507
|c 20191114
|g RCR
|
| 942 |
|
|
|c BK
|
| 959 |
|
|
|a 13/20191008
|d 1
|e 446,20
|f ЧЗТЛ:1
|